000 00766nam a2200253Ia 4500
001 20548
003 DO-CoUTE
005 20260204212602.0
008 220104s9999 dr 000 0 spa d
020 _a978-958-98382-1-1
040 _aDO-CoUTE
_bspa
_cDO-CoUTE
041 0 _aspa
082 _a658.154 B932p
100 1 _aBuitrago Arango, Jorge Enrique
245 1 0 _aPresupiestos: el que hacer financiero en áreas de la empresa / Jorge Enrique Buitrago Arango
260 _aBoyacá, Colombia : Ediciones Uniboyacá
300 _a372 páginas
650 4 _aAdministración financiera
650 4 _aPresupuesto
650 4 _aPresupuesto-enseñanza
942 _2ddc
_cBK
999 _c20859
_d20859